000 00636nam a2200229 a 4500
999 _c2633
_d2633
008 190805s20122017ii p|||gd|||||||| ||eng||
020 _a9789350515686
_cRs. 425.00
040 _aKO
_beng
041 0 _aeng
044 _aii
082 0 4 _a339.0024658
_bM9256
_223
100 1 _aMuniraju, M.
245 1 0 _aMacroeconomics for business decisions /
_cM. Muniraju and S. K. Podder
250 _a2nd rev ed.
260 _aMumbai :
_bHimalaya Publishing House Pvt Ltd ,
_c2017
300 _a342 p.
_b : charts
_c; 24 cm.
650 0 _aEconomics
_vTextbooks
700 1 _aPodder, S. K.
904 _aA_BOSE
942 _cBK